[Event "Barcelona Tres Peons 47th"]
[Site "Barcelona"]
[Date "2018.01.26"]
[Round "3.11"]
[White "De Moura Campos, Marco Esteve"]
[Black "Aguilo Pinol, Ferran"]
[Result "0-1"]
[WhiteElo "1700"]
[BlackElo "2102"]
[PlyCount "50"]
[EventDate "2018.01.12"]
[EventType "swiss"]
[EventRounds "8"]
[EventCountry "ESP"]
[SourceTitle "EXT 2024"]
[Source "ChessBase"]
[SourceDate "2023.10.10"]
[SourceVersion "1"]
[SourceVersionDate "2023.10.10"]
[SourceQuality "1"]

1. d4 Nf6 2. c4 e6 3. Nc3 b6 4. Nf3 Bb7 5. d5 Bb4 6. Bg5 h6 7. Bxf6 Qxf6 8. Rc1 0-0 9. e4 exd5 10. cxd5 Re8 11. Bd3 Bxd5 12. 0-0 Bc6 13. Re1 a5 14. a3 Bd6 15. Qc2 Na6 16. Bxa6 Rxa6 17. e5 Bxe5 18. Nxe5 Rxe5 19. Ne4 Qe7 20. f3 Ra8 21. Qf2 Re8 22. Rc4 f5 23. f4 Rxe4 24. Rexe4 Bxe4 25. Rxc7 Bc6 0-1

[Event "Barcelona Tres Peons op 14th"]
[Site "Barcelona"]
[Date "2012.03.02"]
[Round "8"]
[White "Aguilo Pinol, Ferran"]
[Black "Soriano Pallas, Rafael"]
[Result "1-0"]
[WhiteElo "1894"]
[BlackElo "1950"]
[PlyCount "103"]
[EventDate "2012.01.13"]
[EventType "swiss"]
[EventRounds "9"]
[EventCountry "ESP"]
[SourceTitle "EXT 2013"]
[Source "ChessBase"]
[SourceDate "2012.11.22"]
[SourceVersion "1"]
[SourceVersionDate "2012.11.22"]
[SourceQuality "1"]

1. d4 Nf6 2. c4 e6 3. Nc3 c5 4. e3 d5 5. Nf3 cxd4 6. exd4 Nc6 7. a3 Be7 8. c5 Ne4 9. Qc2 f5 10. Bb5 0-0 11. Bxc6 bxc6 12. Bf4 g5 13. Be5 g4 14. Nd2 Bf6 15. Ncxe4 Bxe5 16. dxe5 fxe4 17. Nb3 Qg5 18. Qc3 Ba6 19. h3 Bd3 20. hxg4 Qxg4 21. Qd2 Qxg2 22. 0-0-0 Rxf2 23. Rdg1 Rxd2 24. Nxd2 Qxg1+ 25. Rxg1+ Kf7 26. Nb3 Rg8 27. Rh1 e3 28. Nd4 Rg2 29. Re1 e2 30. Nxc6 a6 31. Kd2 Bb5 32. Nd4 h5 33. b3 Rg3 34. a4 Rd3+ 35. Kxe2 Rxd4+ 36. axb5 Re4+ 37. Kf2 Rxe1 38. b6 Rb1 39. c6 Ke7 40. b7 Rxb3 41. c7 Rxb7 42. c8Q Rd7 43. Qh8 d4 44. Ke2 d3+ 45. Kd2 Rd4 46. Qf6+ Kd7 47. Qf7+ Kc6 48. Qxe6+ Kc5 49. Qc8+ Kd5 50. e6 Re4 51. Qd7+ Kc4 52. e7 1-0

[Event "Barcelona op 09"]
[Site "Barcelona"]
[Date "2011.09.30"]
[Round "1"]
[White "Aguilo Pinol, Ferran"]
[Black "Perez Mitjans, Orelvis"]
[Result "0-1"]
[WhiteElo "1910"]
[BlackElo "2457"]
[PlyCount "64"]
[EventDate "2011.09.30"]
[EventType "swiss"]
[EventRounds "6"]
[EventCountry "ESP"]
[SourceTitle "EXT 2013"]
[Source "ChessBase"]
[SourceDate "2012.11.22"]
[SourceVersion "1"]
[SourceVersionDate "2012.11.22"]
[SourceQuality "1"]

1. d4 d5 2. c4 Nc6 3. Nc3 dxc4 4. e3 e5 5. d5 Nce7 6. Bxc4 a6 7. a3 Ng6 8. e4 Nf6 9. Nf3 Bd6 10. 0-0 h6 11. Re1 Bg4 12. Be2 Ne7 13. b4 g5 14. Nd2 Bd7 15. Nf1 Ng6 16. g3 Rg8 17. Kh1 Bh3 18. Ne3 Qd7 19. f3 h5 20. Qa4 Qxa4 21. Nxa4 g4 22. Nf5 gxf3 23. Bxf3 Ne7 24. Nxd6+ cxd6 25. Bg2 Bxg2+ 26. Kxg2 Rc8 27. Ra2 Nxe4 28. Nb6 Rc7 29. Be3 Nc3 30. Rd2 f5 31. Na8 Rc4 32. Rc1 Nexd5 0-1

[Event "Mollet del Valles op 2nd"]
[Site "Mollet del Valles"]
[Date "2011.05.14"]
[Round "3"]
[White "Aguilo Pinol, Ferran"]
[Black "Villar Reyes, Ramon"]
[Result "1/2-1/2"]
[WhiteElo "1899"]
[BlackElo "1689"]
[PlyCount "81"]
[EventDate "2011.04.30"]
[EventType "swiss"]
[EventRounds "8"]
[EventCountry "ESP"]
[SourceTitle "EXT 2024"]
[Source "ChessBase"]
[SourceDate "2023.10.10"]
[SourceVersion "1"]
[SourceVersionDate "2023.10.10"]
[SourceQuality "1"]

1. d4 d5 2. c4 c6 3. Nc3 e6 4. e3 Nf6 5. Nf3 Nbd7 6. Qc2 Bd6 7. cxd5 exd5 8. Bd3 0-0 9. Bd2 Re8 10. 0-0-0 a6 11. Rdg1 c5 12. g4 cxd4 13. exd4 Nf8 14. g5 Nh5 15. Ne5 Bxe5 16. dxe5 Be6 17. Kb1 Rc8 18. Qd1 g6 19. f4 Qd7 20. Qf3 Ng7 21. Rc1 b5 22. h4 Nf5 23. h5 b4 24. Ne2 a5 25. Qf2 Qb7 26. Be3 Red8 27. hxg6 fxg6 28. Nd4 Nxd4 29. Bxd4 Qd7 30. Rxc8 Rxc8 31. Rc1 Bf5 32. Qd2 Rc4 33. Bxf5 Qxf5+ 34. Ka1 Ne6 35. Be3 Qe4 36. Rxc4 Qxc4 37. b3 Qe4 38. Qc1 Kf7 39. Qc6 Qxe3 40. Qd7+ Kf8 41. Qd6+ 1/2-1/2

[Event "Mollet del Valles op 2nd"]
[Site "Mollet del Valles"]
[Date "2011.04.30"]
[Round "1"]
[White "Aguilo Pinol, Ferran"]
[Black "Domingo Mateu, Bernat"]
[Result "1-0"]
[WhiteElo "1899"]
[BlackElo "1629"]
[PlyCount "69"]
[EventDate "2011.04.30"]
[EventType "swiss"]
[EventRounds "8"]
[EventCountry "ESP"]
[SourceTitle "EXT 2024"]
[Source "ChessBase"]
[SourceDate "2023.10.10"]
[SourceVersion "1"]
[SourceVersionDate "2023.10.10"]
[SourceQuality "1"]

1. d4 d5 2. c4 c6 3. Nc3 Nf6 4. Bg5 e6 5. e3 Be7 6. Nf3 Nbd7 7. Qc2 b6 8. cxd5 cxd5 9. Bd3 h6 10. Bf4 0-0 11. h3 Bb7 12. 0-0 Rc8 13. Qa4 a5 14. Bb5 Nb8 15. Ne5 Ba6 16. Bxa6 Nxa6 17. Nc6 Qe8 18. Nxe7+ Qxe7 19. Qb5 Qb7 20. Rac1 Rc6 21. Nxd5 Rxc1 22. Nxf6+ gxf6 23. Rxc1 Kh7 24. Rc6 Nb4 25. Rxb6 Qd5 26. Qxd5 Nxd5 27. Ra6 Nxf4 28. exf4 Rb8 29. b3 Rb5 30. Kf1 Rd5 31. g3 Kg6 32. Ke2 f5 33. Kd3 h5 34. Kc4 Kf6 35. a3 1-0

[Event "Barcelona Tres Peons op 13th"]
[Site "Barcelona"]
[Date "2011.02.25"]
[Round "8"]
[White "Prats Rodriguez, Juan Bosco"]
[Black "Aguilo Pinol, Ferran"]
[Result "0-1"]
[WhiteElo "2027"]
[BlackElo "1899"]
[PlyCount "94"]
[EventDate "2011.01.07"]
[EventType "swiss"]
[EventRounds "9"]
[EventCountry "ESP"]
[SourceTitle "EXT 2012"]
[Source "ChessBase"]
[SourceDate "2011.11.24"]
[SourceVersion "1"]
[SourceVersionDate "2011.11.24"]
[SourceQuality "1"]

1. e4 c6 2. d3 d5 3. Nd2 g6 4. Ngf3 Bg7 5. g3 Bg4 6. Bg2 Nd7 7. h3 Bxf3 8. Nxf3 e6 9. 0-0 Ne7 10. Re1 0-0 11. e5 Qc7 12. d4 c5 13. c3 Nc6 14. Bg5 h6 15. Be3 c4 16. Qd2 Kh7 17. Nh2 Ne7 18. h4 Nf5 19. Bf4 b5 20. Bf3 Qd8 21. Bd1 Rg8 22. Bc2 a5 23. h5 Rb8 24. a3 g5 25. Be3 Kh8 26. Kf1 Qe7 27. Ke2 b4 28. axb4 axb4 29. Ra7 Nxe3 30. fxe3 b3 31. Bb1 Ra8 32. Rxa8 Rxa8 33. e4 f6 34. exf6 Nxf6 35. e5 Nxh5 36. Qe3 Bf8 37. Ng4 Kg7 38. Rh1 Ra1 39. Kd2 Qf7 40. Bg6 Qxg6 41. Rxa1 Qc2+ 42. Ke1 Qg2 43. Ra7+ Kg6 44. Ra8 Bg7 45. Ra6 Nxg3 46. Nf2 Qg1+ 47. Kd2 Nf1+ 0-1